00239nam a2200085Ia 4500008004000000082001300040100002300053245005100076260002600127210210b2000 xxu||||| |||| 00| 0 eng d a382 RAMT aRAMAKRISHNA (T N). aText book of international trade for II Bcom. abNot Mentionedc2000